| 000 | 00385nam a2200145Ia 4500 | ||
|---|---|---|---|
| 008 | 180921t1959 xxu||||| ||||o00| 0 eng d | ||
| 041 | _aeng | ||
| 245 | _aCeylon Sessional Papers : Report of The Delimitation Commission | ||
| 260 | _c1959 | ||
| 300 | _ap.8-278, 28 cm | ||
| 500 | _aSessional Paper xv-1959 | ||
| 942 | _cBK | ||
| 999 |
_c45492 _d45492 |
||
| 003 | LK-CoDNM | ||
| 040 |
_aLK-CoDNM _dLK-CoDNM _eLK-CoDNM |
||